00410nam a2200169Ia 4500008004100000020001800041245003300059245002100092260001500113260001600128260000900144300001400153300002500167300001000192440003000202500000800232170705s9999 xx 000 0 und d a9780439472852 aClifford's first sleepover / cNorman Bridwell. aNew York : bScholastic, c2004 aunpaged : bcolor illustration ; c20cm. aClifford the big red dog. a450